Long working hours behavior among university staff /
محفوظ في:
| المؤلف الرئيسي: | |
|---|---|
| التنسيق: | أطروحة كتاب |
| اللغة: | English |
| منشور في: |
2015.
|
| الموضوعات: | |
| الوسوم: |
إضافة وسم
لا توجد وسوم, كن أول من يضع وسما على هذه التسجيلة!
|
| LEADER | 01221cam a2200313 i 4500 | ||
|---|---|---|---|
| 001 | u1027158 | ||
| 003 | SIRSI | ||
| 005 | 201601211602 | ||
| 008 | 160121s2015 my a m 000 0 eng | ||
| 040 | |a UMM |e rda | ||
| 043 | |a a-my--- | ||
| 090 | |a JF1338 |b UM 2015 Sainmz | ||
| 100 | 0 | |a Sa'idah Nafisah Mohd Zahari, |e author. | |
| 245 | 1 | 0 | |a Long working hours behavior among university staff / |c Sa'idah Nafisah Binti Mohd Zahari. |
| 264 | 1 | |c 2015. | |
| 264 | 4 | |c 2015. | |
| 300 | |a viii, 94 leaves : |b illustrations ; |c 30 cm. | ||
| 336 | |a text |2 rdacontent | ||
| 337 | |a unmediated |2 rdamedia | ||
| 338 | |a volume |2 rdacarrier | ||
| 502 | |b M.P.A. |c Pengajian Pentadbiran dan Politik, Fakulti Ekonomi dan Pentadbiran, Universiti Malaya |d 2015. | ||
| 504 | |a Bibliography: leaves 85-94. | ||
| 610 | 2 | |a Universiti Malaya |x Employees. | |
| 650 | 0 | |a Hours of labor |z Malaysia. | |
| 650 | 0 | |a Universities and colleges |z Malaysia |x Professional staff. | |
| 710 | 2 | |a Universiti Malaya. |b Jabatan Pengajian Pentadbiran dan Politik, |e degree granting institution. | |
| 900 | |a NSR NSM | ||
| 596 | |a 1 | ||
| 999 | |a JF1338 UM 2015 SAINMZ |w LC |c 1 |i A516179212 |d 11/4/2017 |e 11/4/2017 |f 9/12/2016 |g 1 |l STACKS |m P01UTAMA |n 3 |r Y |s Y |t TESIS |u 6/12/2016 |1 AHSS | ||
